| 000 | 00829nam a2200253Ia 4500 | ||
|---|---|---|---|
| 001 | dia_4183 | ||
| 003 | CHAP | ||
| 005 | 20251029164320.0 | ||
| 008 | 220117s1981 xx 000 0 und d | ||
| 010 | _a174816 | ||
| 040 |
_cCHAP _amxchpua _erda |
||
| 090 | _aFOLLETO 2248 | ||
| 100 |
_aParedes Tijerina, Andrés _985529 |
||
| 245 |
_aGuía para cultivar arroz bajo en el estado de Morelos / _c Andrés Paredes Tijerina |
||
| 260 |
_aChapingo, México : _b Inia, Campo agrícola experimental Zacatepec, _c1981 |
||
| 300 | _a16 p. | ||
| 500 | _aS/c (Folleto para productores, 3) | ||
| 650 |
_aArroz _xCultivo _9128974 |
||
| 700 |
_aCampo agrícola experimental Zacatepec _9155724 |
||
| 901 | _aFOLLETO 2248 | ||
| 902 | _aM | ||
| 905 | _a0000001981 mx A 0000000000spa00 | ||
| 942 |
_cFOLL _2local |
||
| 999 |
_c174816 _d174816 |
||